The dynamics of life : (Record no. 47850)

MARC details
000 -LEADER
fixed length control field 00624nam a22001937a 4500
005 - DATE AND TIME OF LATEST TRANSACTION
control field 20230921132744.0
008 - FIXED-LENGTH DATA ELEMENTS--GENERAL INFORMATION
fixed length control field 100927t xxu||||| |||| 00| 0 eng d
010 ## - LCCN (DPL NO)
LC control number B-81928
020 ## - INTERNATIONAL STANDARD BOOK NUMBER
International Standard Book Number 8773362794
035 ## - SYSTEM CONTROL NUMBER
System control number B-211163, B-081949, B-081948
035 ## - SYSTEM CONTROL NUMBER
System control number B-81928
082 ## - DEWEY DECIMAL CLASSIFICATION NUMBER
Classification number 158.9
100 H# - MAIN ENTRY--PERSONAL NAME
Personal name Hubbard, L. Ran
9 (RLIN) 22072
245 ## - TITLE STATEMENT
Title The dynamics of life :
Remainder of title An introduction to dianetics discoveries /
Statement of responsibility, etc by L. Ron Hubbard
260 ## - PUBLICATION, DISTRIBUTION, ETC. (IMPRINT)
Place of publication, distribution, etc Denmark
Name of publisher, distributor, etc New Era Publications
Date of publication, distribution, etc 1986
300 ## - PHYSICAL DESCRIPTION
Extent 157p.
Dimensions 22cm (Hb)
500 ## - GENERAL NOTE
General note Includes bibliographical references and index
942 ## - ADDED ENTRY ELEMENTS (KOHA)
Source of classification or shelving scheme Dewey Decimal Classification
Item type Children Books
Classification part 158.9
Call number suffix HUB
Holdings
Withdrawn status Lost status Source of classification or shelving scheme Damaged status Not for loan Collection code Home library Current library Date acquired Total Checkouts Full call number Barcode Date last seen Copy number Koha item type Shelving location Cost, normal purchase price Cost, replacement price Source of acquisition Total Renewals
    Dewey Decimal Classification     Non-fiction Kadipur Kadipur 04/07/2019   158.9 HUB B-081946 04/07/2019 6 Children Books   0.00 0.00 BPPD/PUB  
    Dewey Decimal Classification     Non-fiction Kadipur Kadipur 17/07/2019   158.9 HUB B-081947 17/07/2019 7 Children Books   0.00 0.00 BPPD/PUB  
    Dewey Decimal Classification   Not For Loan Non-fiction Patel Nagar Patel Nagar 27/09/2010   158.9 HUB B-211163 27/09/2010 1 English Books          
    Dewey Decimal Classification     Non-fiction Sarojini Nagar Sarojini Nagar 21/03/2012   158.9 HUB B-81918 21/03/2012   Children Books General Stacks 0.00 0.00    
    Dewey Decimal Classification     Non-fiction Sarojini Nagar Sarojini Nagar 29/11/2018 2 158.9 HUB B-81928 23/12/2023 1 Children Books       New Era Publication  
    Dewey Decimal Classification     Non-fiction Shahdara Branch Shahdara Branch 20/08/2018   158.9 HUB B-081949 20/08/2018   Children Books   0.00 0.00 BPPD/PUB  
    Dewey Decimal Classification     Non-fiction Shahdara Branch Shahdara Branch 20/08/2018 1 158.9 HUB B-081948 04/04/2024   Children Books   0.00 0.00 BPPD/PUB 1

© Delhi Public Library
Hit Counter
free hit counter